000 01858nam a2200253 i 4500
001 BPP
003 BPK
005 20171114124513.0
008 140415s1985 pl f |000 0 pol
040 _cBPK
080 _a635.1/.7:631.563.9
100 _aWIEROWSKI, Henryk.
_d1968 - 1991.
_bWyższa Szkoła Inżynierska w Koszalinie - Instytut Budownictwa,
_cZakład Budownictwa Ogólnego, Rolniczego i Przemysłowego
245 _aBadanie eksploatacyjne przechowalni typu specjalistycznego i uniwersalnego /
_cJan Diaczuk, Henryk Dzierbanowicz, Maciej Kapsa, Krzysztof Majka, Jerzy Milanowski, Henryk Wierowski.
260 _aKoszalin,
_c1985.
500 _aDane z autopsji.
520 _aBadania dotyczyły prawidłowości działania instalacji wentylacyjnej i jej poszczególnych elementów oraz przepływów powietrza wewnątrz komory i określenie skuteczności działania poziomego systemu wentylacji.
650 0 _aWentylacja.
700 _aMILANOWSKI, Jerzy.
_d1974 - 1993.
_bWyższa Szkoła Inżynierska w Koszalinie - Instytut Konstrukcji i Eksploatacji Maszyn,
_cZakład Maszyn Przemysłu Spożywczego
700 _aKAPSA, Maciej.
_d1976 - 1991.
_bWyższa Szkoła Inżynierska w Koszalinie - Instytut Budownictwa,
_cZakład Budownictwa Ogólnego, Rolniczego i Przemysłowego
700 _aMAJKA, Krzysztof.
_d1973 - 1996.
_bWyższa Szkoła Inżynierska w Koszalinie - Instytut Konstrukcji i Eksploatacji Maszyn,
_cZakład Termodynamiki i Chłodnictwa
700 _aDZIERBANOWICZ, Henryk.
_d1976 - 1985.
_bWyższa Szkoła Inżynierska w Koszalinie - Instytut Konstrukcji i Eksploatacji Maszyn,
_cZakład Termodynamiki i Chłodnictwa
700 _aDIACZUK, Jan.
_d1976 - 1993.
_bWyższa Szkoła Inżynierska w Koszalinie - Instytut Konstrukcji i Eksploatacji Maszyn,
_cZakład Maszyn Przemysłu Spożywczego
942 _cMN
_2UKD
999 _c1951
_d1951